Poems, speeches and declamations / (Record no. 293537)
[ view plain ]
| 000 -LEADER | |
|---|---|
| fixed length control field | 00530nam a2200193Ia 4500 |
| 008 - FIXED-LENGTH DATA ELEMENTS--GENERAL INFORMATION | |
| fixed length control field | 160418s9999 xx 000 0 und d |
| 020 ## - INTERNATIONAL STANDARD BOOK NUMBER | |
| International Standard Book Number | 971-9013-40-0 |
| 050 ## - LIBRARY OF CONGRESS CALL NUMBER | |
| Classification number | FIL PN 6122 |
| 050 ## - LIBRARY OF CONGRESS CALL NUMBER | |
| Item number | .A85 |
| 100 ## - MAIN ENTRY--PERSONAL NAME | |
| Personal name | Asin, Ricardo C. |
| 245 ## - TITLE STATEMENT | |
| Title | Poems, speeches and declamations / |
| 245 ## - TITLE STATEMENT | |
| Statement of responsibility, etc | Ricardo C. Asin. |
| 260 ## - PUBLICATION, DISTRIBUTION, ETC. (IMPRINT) | |
| Place of publication, distribution, etc | Valenzuela City: |
| 260 ## - PUBLICATION, DISTRIBUTION, ETC. (IMPRINT) | |
| Name of publisher, distributor, etc | Tru-Copu Pub. House Inc., |
| 300 ## - PHYSICAL DESCRIPTION | |
| Extent | 135 pages : |
| 300 ## - PHYSICAL DESCRIPTION | |
| Other physical details | illustrations ; |
| 300 ## - PHYSICAL DESCRIPTION | |
| Dimensions | 19 cm. |
| 650 ## - SUBJECT ADDED ENTRY--TOPICAL TERM | |
| Topical term or geographic name as entry element | Philippine poetry (Filipino) -- Collected works. |
| Withdrawn status | Lost status | Damaged status | Home library | Current library | Shelving location | Date acquired | Cost, normal purchase price | Total Checkouts | Full call number | Barcode | Date last seen | Price effective from | Koha item type |
|---|---|---|---|---|---|---|---|---|---|---|---|---|---|
| South Mansfield College | South Mansfield College | Filipiniana Section | 06/10/2005 | 75.00 | FIL PN 6122 .A85 | SMC02710 | 04/18/2016 | 04/18/2016 |